Anuari de l'opinió publicada ... / dirigit per Salvador Cardús
Descripción Física:
23 cm
Otros Autores:
Cardús i Ros, Salvador, dir
MARC
| LEADER | 00000nam a2200000Ia 4500 | ||
|---|---|---|---|
| 001 | 21698, 22984 | ||
| 008 | 160829s2005- xx 000 0 cat d | ||
| 080 | |a M-6-222, M-6-382 | ||
| 245 | |a Anuari de l'opinió publicada ... / dirigit per Salvador Cardús | ||
| 260 | |a Barcelona : |b Fundació Centre Documentació Política, |c 2005- | ||
| 300 | |a 23 cm | ||
| 590 | |a Bibliografia | ||
| 650 | 0 | |a Premsa |x Catalunya |9 46045 | |
| 650 | |a Premsa |x Espanya |9 46046 | ||
| 650 | |a Opinió pública |x Investigació |x Catalunya I |9 46047 | ||
| 650 | |a Mitjans de comunicació de massa i opinió pública |x Catalunya |9 46048 | ||
| 700 | |a Cardús i Ros, Salvador, dir. |9 46049 | ||
| 710 | 2 | |a Fundació Centre de Documentació Política (FCDP) |9 54029 | |
| 866 | |a 2003, 2008 | ||
| 901 | |a Arxiu | ||
| 942 | |n 1 | ||
| 952 | |0 0 |1 0 |4 0 |6 M6222_M6382 |7 1 |9 52946 |a Arxiu |b Arxiu |d 2016-12-01 |l 0 |o M-6-222, M-6-382 |p 21698, 22984 |r 2016-12-01 00:00:00 |w 2016-12-01 |y ARXIU | ||
| 999 | |c 56795 |d 56795 | ||